000 00649nam a22002177a 4500
001 5650
003 FISKH
005 20250121085959.0
008 250109b cb ||||| |||| 00| 0 eng d
020 _a0782615015
040 _aFISKH
_beng
_cFISKH
_dFISKH
050 _aQA135.5
100 _aMadison, Wisconsin
245 _aMeasure for measure /
_cby U. of Wisconsin-Madison
260 _aChicago :
_bEncyclopaedia Britannica Educational Corporation ;
_c1997.
300 _a41 pages :
_billustrations ;
_c28 cm .
490 _aMathematics in context
520 _aThird grade math concepts & practice.
942 _2ddc
_cBK
_n0
999 _c5650
_d5650